[Event "38th TCh-GRE DivA"]
[Site "Peristeri GRE"]
[Date "2010.07.08"]
[Round "4"]
[White "Kounalakis,E"]
[Black "Sigalas,F"]
[Result "1/2-1/2"]
[WhiteElo "2142"]
[BlackElo "2276"]
[EventDate "2010.07.05"]

1. e4 e6 2. d4 d5 3. Nd2 c5 4. Ngf3 cxd4 5. exd5 Qxd5 6. Bc4 Qd6 7. O-O Nf6
8. Nb3 Nc6 9. Nbxd4 Nxd4 10. Nxd4 a6 11. Re1 Bd7 12. c3 Qc7 13. Qe2 Bd6 14.
Bg5 O-O-O 15. Nf3 Bc6 16. Ne5 Bxe5 17. Qxe5 Qxe5 18. Rxe5 h6 19. Bxf6 gxf6
20. Rc5 Kc7 21. Rh5 f5 22. Rh4 Rd2 23. b4 Rc2 24. Rh3 Rg8 25. Bf1 Rg6 26.
c4 Rb2 27. b5 axb5 28. cxb5 Bxb5 29. Bxb5 Rxb5 30. Rc3+ Kb6 31. a4 Rb2 32.
a5+ Ka6 33. Rc8 e5 34. g3 Re6 35. Ra8+ Kb5 36. Rb8 Ka6 37. Ra8+ Kb5 38. Rb8
Ka6 39. Ra8+ Kb5 40. a6 bxa6 1/2-1/2

[Event "38th TCh-GRE DivA"]
[Site "Peristeri GRE"]
[Date "2010.07.08"]
[Round "4"]
[White "Ornithopoulos,N"]
[Black "Psomiadis,S"]
[Result "0-1"]
[WhiteElo "2080"]
[BlackElo "2195"]
[EventDate "2010.07.05"]

1. d4 d5 2. Nf3 c6 3. e3 Bg4 4. c4 Bxf3 5. Qxf3 e6 6. Nc3 Nd7 7. Bd3 a6 8.
a4 a5 9. O-O f5 10. cxd5 cxd5 11. Nxd5 exd5 12. Qxd5 g6 13. e4 Ngf6 14.
Qe6+ Qe7 15. exf5 Qxe6 16. fxe6 Nb6 17. Bg5 Be7 18. Bb5+ Kd8 19. Bxf6 Bxf6
20. d5 Ke7 21. d6+ Kxd6 22. Rfe1 Ke7 23. Rad1 Rhd8 24. Bd7 Ra6 25. Bb5 Rxd1
26. Rxd1 Ra8 27. g4 g5 28. h4 h6 29. hxg5 hxg5 30. Re1 Rd8 31. b3 Rd6 32.
Rc1 Kd8 33. Re1 Nc8 34. Kg2 Ne7 35. Bc4 Nd5 36. Kf3 Nf4 37. Rh1 Nxe6 38.
Ke4 Nf4 39. Kf5 Be7 40. Rh8+ Kc7 41. Rh7 Ng6 42. Rg7 Nh4+ 43. Ke4 Kd8 44.
Rg8+ Kd7 45. f4 gxf4 46. Kxf4 Ng2+ 47. Kf3 Nh4+ 48. Ke4 Rg6 49. Rxg6 Nxg6
50. g5 Nh4 51. Kf4 Ke8 52. Kg4 Ng2 53. Kf3 Ne1+ 54. Kf4 Nc2 55. g6 Kf8 56.
Bd5 b6 57. Be4 Nb4 58. Ke5 Kg7 59. Kf5 Bf6 60. Kg4 Na6 61. Kh5 Nc5 62. Bc2
Ne6 63. Kg4 Nd4 64. Bd1 Kxg6 65. Kf4 Kf7 66. Ke4 Ke6 67. Kd3 Kd5 68. Kc3
Kc5 69. Bh5 Nc6+ 70. Kc2 Kb4 71. Be8 Nd4+ 72. Kb2 Nxb3+ 73. Ka2 0-1

[Event "38th TCh-GRE DivA"]
[Site "Peristeri GRE"]
[Date "2010.07.08"]
[Round "4"]
[White "Dimitriadi,A"]
[Black "Fatourou,E"]
[Result "1-0"]
[WhiteElo "1895"]
[BlackElo "1896"]
[EventDate "2010.07.05"]

1. d4 Nf6 2. c4 e5 3. dxe5 Ng4 4. Nf3 Bc5 5. e3 Nc6 6. Be2 Ngxe5 7. Nc3 d6
8. Qc2 Be6 9. b3 Qf6 10. Bb2 Bf5 11. Qd2 Nxf3+ 12. Bxf3 Qg5 13. e4 Qxd2+
14. Kxd2 Be6 15. Nb5 O-O-O 16. Bxg7 Rhg8 17. Bf6 Rde8 18. Bh4 Ne5 19. Nc3
Ng6 20. Bg3 Bd4 21. Rae1 Ne5 22. Bd1 f5 23. exf5 Bxf5 24. Nd5 c6 25. Ne3
Be6 26. Nc2 Bb6 27. Bh5 Re7 28. f4 Ba5+ 29. b4 Nxc4+ 30. Kc3 Bd8 31. Bh4
Kd7 32. Bxe7 Bxe7 33. Rxe6 Kxe6 34. Kxc4 d5+ 35. Kd3 Rxg2 36. Re1+ Kf6 37.
Re2 Rg1 38. Re1 Rxe1 39. Nxe1 Bxb4 40. Ng2 Bd6 41. Be8 Kf5 42. Bd7+ Kf6 43.
Bc8 b6 44. Bb7 c5 45. Bxd5 b5 46. Bc6 a6 47. Ke4 c4 48. Bb7 a5 49. Kd4 a4
50. Bc6 c3 51. Kxc3 b4+ 52. Kb2 a3+ 53. Kb3 Kf5 54. h3 h5 55. Bd5 Be7 56.
Kc2 h4 57. Kd3 Bf6 58. Ke3 Bd8 59. Kf3 Be7 60. Ne3+ Kf6 61. Kg4 Kg7 62.
Nf5+ 1-0

[Event "38th TCh-GRE DivA"]
[Site "Peristeri GRE"]
[Date "2010.07.08"]
[Round "4"]
[White "Themeli,D"]
[Black "Vafiadou,A"]
[Result "1/2-1/2"]
[WhiteElo "1684"]
[BlackElo "1624"]
[EventDate "2010.07.05"]

1. c4 c5 2. g3 Nc6 3. Bg2 g6 4. Nc3 Bg7 5. a3 d6 6. d3 Be6 7. Nf3 Nf6 8.
O-O O-O 9. Bd2 Qc8 10. Ng5 Bd7 11. Rb1 Nd4 12. b4 Rb8 13. Nf3 Ne6 14. Qc2
b6 15. Rb2 Qc7 16. Rfb1 Bc6 17. b5 Bxf3 18. exf3 Nd4 19. Qd1 Rfd8 20. Ne2
Nd7 21. Ra2 Nxe2+ 22. Qxe2 e6 23. a4 Nf8 24. a5 d5 25. axb6 axb6 26. Be3
Ra8 27. Rxa8 Rxa8 28. f4 Rd8 29. Rd1 Qd7 30. Rd2 Bc3 31. Rc2 Ba5 32. Ra2
dxc4 33. dxc4 Qd1+ 34. Qxd1 Rxd1+ 35. Bf1 Nd7 36. Kg2 Rd6 37. Be2 f5 38.
Bf3 Bb4 39. Bc6 Kf7 40. Ra7 Ke7 41. Bc1 Bc3 42. Rb7 Ba5 43. Bb2 Kd8 44.
Bxd7 Rxd7 45. Rb8+ Ke7 46. Rh8 h5 47. Rh7+ Ke8 48. Rxd7 Kxd7 49. f3 Bd2 50.
Kf2 Bb4 51. h3 1/2-1/2

[Event "38th TCh-GRE DivA"]
[Site "Peristeri GRE"]
[Date "2010.07.08"]
[Round "4"]
[White "Koutsoura,Georgia"]
[Black "Brunello,M"]
[Result "0-1"]
[WhiteElo "1318"]
[BlackElo "2216"]
[EventDate "2010.07.05"]

1. d4 Nf6 2. Nf3 e6 3. Bf4 c5 4. e3 b6 5. c3 Bb7 6. Nbd2 Be7 7. Bd3 Nh5 8.
Bg3 cxd4 9. cxd4 Nc6 10. a3 f5 11. Nc4 d6 12. O-O Nxg3 13. hxg3 O-O 14. b4
a6 15. Rc1 Kh8 16. Be2 b5 17. Nb2 Bf6 18. Qb3 Ne7 19. Rfd1 Qb6 20. Nd3 Bd5
21. Qb2 g5 22. Nd2 Bg7 23. Bf3 h6 24. Bxd5 Nxd5 25. Nb1 f4 26. gxf4 gxf4
27. Re1 fxe3 28. fxe3 Nxe3 29. Kh1 Qxd4 30. Qxd4 Bxd4 31. Nc3 e5 32. Nd1
Nc4 33. a4 Rf5 34. g3 Rf3 0-1

[Event "38th TCh-GRE DivA"]
[Site "Peristeri GRE"]
[Date "2010.07.08"]
[Round "4"]
[White "Homatidis,P"]
[Black "Neroulidis,M"]
[Result "1-0"]
[WhiteElo "2122"]
[BlackElo "1762"]
[EventDate "2010.07.05"]

1. e4 e5 2. Nf3 Nc6 3. Bb5 a6 4. Ba4 Nf6 5. O-O Be7 6. Re1 b5 7. Bb3 d6 8.
c3 O-O 9. h3 Re8 10. d4 Na5 11. Bc2 Bf8 12. dxe5 Nd7 13. exd6 cxd6 14. Bf4
Nc4 15. b3 Nce5 16. a4 Bb7 17. Nbd2 Qf6 18. Nxe5 Nxe5 19. Bg3 Rac8 20. Nb1
Rcd8 21. axb5 axb5 22. Qe2 d5 23. Qxb5 Bc6 24. Qb6 Re6 25. Ra5 Rde8 26. Qd4
Qg5 27. Re3 dxe4 28. b4 Rd6 29. Rxe5 Qf6 30. Qc5 Rd1+ 31. Bxd1 Bxc5 32.
Rxe8+ Bxe8 33. bxc5 Qc6 34. Bd6 Qd5 35. Bc2 f5 36. Re2 Bb5 37. Rd2 Bd3 38.
Bxd3 exd3 39. Kh2 Qb3 40. c6 Qxb1 41. c7 Qb7 42. Rxd3 g5 43. Be5 Kf7 44.
Rd8 Qe4 45. c8=Q Qxe5+ 46. g3 f4 47. Rf8+ 1-0

[Event "38th TCh-GRE DivA"]
[Site "Peristeri GRE"]
[Date "2010.07.08"]
[Round "4"]
[White "Palaskos,A"]
[Black "Fragkos,V"]
[Result "1-0"]
[WhiteElo "1760"]
[BlackElo "1966"]
[EventDate "2010.07.05"]

1. d4 Nf6 2. Nf3 e6 3. Bg5 d5 4. e3 Be7 5. Bd3 O-O 6. Nbd2 c5 7. c3 Nc6 8.
O-O h6 9. Bh4 b6 10. Ne5 Nxe5 11. dxe5 Nd7 12. Bxe7 Qxe7 13. f4 f5 14. exf6
Qxf6 15. e4 Bb7 16. e5 Qh4 17. g3 Qh3 18. Qe2 Rad8 19. Nf3 d4 20. Rad1 Nb8
21. Nh4 dxc3 22. bxc3 g5 23. fxg5 c4 24. Bc2 hxg5 25. Rxd8 Rxd8 26. Qh5
Qxf1+ 27. Kxf1 gxh4 28. Qg5+ 1-0

[Event "38th TCh-GRE DivA"]
[Site "Peristeri GRE"]
[Date "2010.07.08"]
[Round "4"]
[White "Papavlasopoulos,D"]
[Black "Papadopoulos,A"]
[Result "1/2-1/2"]
[WhiteElo "1433"]
[BlackElo "1632"]
[EventDate "2010.07.05"]

1. d4 d5 2. c4 dxc4 3. Nf3 c5 4. e3 cxd4 5. Qxd4 Qxd4 6. Nxd4 e6 7. Bxc4
Bb4+ 8. Bd2 Bxd2+ 9. Nxd2 Nf6 10. Ke2 Bd7 11. N2b3 a6 12. Rac1 Nc6 13. Rhd1
Ke7 14. Nc5 Nxd4+ 15. Rxd4 Bc6 16. f3 Rhd8 17. Rcd1 Nd5 18. Bd3 Rd6 19. Be4
Rad8 20. a3 Nf4+ 21. Kf2 Rxd4 22. Rxd4 Rxd4 23. exd4 Nd5 24. g3 f5 25. Bc2
Nb6 26. Bb3 Nd5 27. f4 a5 28. Ke2 h6 29. h4 Kf6 30. Kf2 Ke7 31. Bd1 b6 32.
Nd3 Kf6 33. Bf3 1/2-1/2

[Event "38th TCh-GRE DivA"]
[Site "Peristeri GRE"]
[Date "2010.07.08"]
[Round "4"]
[White "Ninov,N"]
[Black "Managadze,N"]
[Result "1/2-1/2"]
[WhiteElo "2512"]
[BlackElo "2461"]
[EventDate "2010.07.05"]

1. e4 e6 2. d4 d5 3. Nc3 dxe4 4. Nxe4 Nd7 5. Nf3 Ngf6 6. Bg5 h6 7. Nxf6+
Nxf6 8. Bh4 c5 9. Ne5 Qa5+ 10. c3 cxd4 11. Qxd4 Bc5 12. Qf4 Bd6 13. Bg3 O-O
14. Be2 Nd5 15. Qd4 Bxe5 16. Qxe5 f6 17. Qh5 e5 18. O-O Be6 19. Bd3 Rad8
20. Qe2 Rfe8 21. Rfd1 Ne7 22. f4 Nf5 23. Bxf5 Bxf5 24. Rxd8 Qxd8 25. fxe5
fxe5 26. Qf2 Qb6 27. Qxb6 axb6 28. Rd1 e4 29. Rd5 Be6 30. Re5 Bf7 1/2-1/2

[Event "38th TCh-GRE DivA"]
[Site "Peristeri GRE"]
[Date "2010.07.08"]
[Round "4"]
[White "Tsarouhas,K"]
[Black "Azis,A"]
[Result "0-1"]
[WhiteElo "2205"]
[BlackElo "2120"]
[EventDate "2010.07.05"]

1. c4 Nc6 2. Nc3 e5 3. g3 g6 4. Bg2 Bg7 5. Rb1 d6 6. b4 f5 7. e3 Nf6 8.
Nge2 O-O 9. d4 e4 10. h4 Qe8 11. Nf4 Qf7 12. Ncd5 Nxd5 13. cxd5 Ne7 14. Qb3
c6 15. dxc6 bxc6 16. Bf1 a6 17. Bd2 Bh6 18. Qxf7+ Kxf7 19. Bc4+ Kf6 20. Ke2
Bxf4 21. gxf4 h5 22. Rhc1 Be6 23. a4 Bxc4+ 24. Rxc4 Rab8 25. Rc2 Rb7 26. d5
cxd5 27. Bc3+ Ke6 28. Bd4 Rfb8 29. b5 axb5 30. a5 Kd7 31. a6 Rc7 32. Rxc7+
Kxc7 33. a7 Ra8 34. Rxb5 Nc6 35. Bb6+ Kb7 36. Bc5+ Kc8 37. Bxd6 d4 38. Rb6
d3+ 39. Kd2 Kd7 40. Bc5 Rxa7 41. Bd6 0-1

[Event "38th TCh-GRE DivA"]
[Site "Peristeri GRE"]
[Date "2010.07.08"]
[Round "4"]
[White "Papadopoulos,N"]
[Black "Kalaitzoglou,P"]
[Result "1/2-1/2"]
[WhiteElo "2105"]
[BlackElo "2201"]
[EventDate "2010.07.05"]

1. d4 Nf6 2. c4 g6 3. Nf3 Bg7 4. g3 d5 5. cxd5 Nxd5 6. Bg2 O-O 7. O-O Na6
8. e4 Nb6 9. Nc3 Bg4 10. d5 Qd7 11. Qe2 c5 12. Rd1 Na4 13. Nxa4 Qxa4 14. h3
Bxf3 15. Bxf3 Nb4 16. e5 Qc2 17. Rd2 Qf5 18. a3 Na6 19. d6 Rab8 20. dxe7
Rfe8 21. Rd8 Rexd8 22. exd8=Q+ Rxd8 23. Bxb7 Nc7 24. Be3 Ne6 25. Rd1 Rb8
26. Qa6 Bxe5 27. Qxa7 Qxh3 28. Rd2 c4 29. a4 h5 30. Bg2 Qf5 31. Qa6 h4 32.
Qxc4 hxg3 33. fxg3 Bxg3 34. Qe4 Qh5 35. Bf3 Ng5 36. Bxh5 Nxe4 37. Rd4 gxh5
38. Rxe4 Rxb2 39. Re8+ Kh7 40. Rh8+ Kxh8 41. Bd4+ Kh7 42. Bxb2 Be1 43. Bd4
Ba5 44. Kg2 Kg6 45. Kf3 Kf5 46. Bf2 Ke5 47. Bh4 Kd5 48. Kf4 Kc4 1/2-1/2

[Event "38th TCh-GRE DivA"]
[Site "Peristeri GRE"]
[Date "2010.07.08"]
[Round "4"]
[White "Moradiabadi,E"]
[Black "Nielsen,PH"]
[Result "1-0"]
[WhiteElo "2571"]
[BlackElo "2700"]
[EventDate "2010.07.05"]

1. d4 d5 2. c4 e6 3. Nf3 Nf6 4. g3 dxc4 5. Bg2 a6 6. O-O Nc6 7. Bg5 Be7 8.
e3 O-O 9. Nbd2 e5 10. Nxc4 exd4 11. Nxd4 Nxd4 12. Qxd4 Qxd4 13. exd4 Rd8
14. Rad1 Bg4 15. Rc1 c6 16. Nb6 Rab8 17. Bf4 Bd6 18. Be5 Be6 19. Bxf6 gxf6
20. d5 cxd5 21. Bxd5 Be5 22. Bxe6 fxe6 23. Nc4 Bd4 24. Rc2 Rd7 25. Nd2 Kf7
26. Nf3 Bb6 27. Re1 Rbd8 28. Re4 e5 29. Rh4 Ke6 30. Ng5+ Kf5 31. Ne4 h5 32.
Rc3 Rd3 33. Kf1 Rxc3 34. bxc3 Kg6 35. Ke2 f5 36. Nd2 e4 37. f3 exf3+ 38.
Nxf3 Re8+ 39. Kd2 Be3+ 40. Kc2 Bh6 41. Rd4 Re2+ 42. Kb3 Bf8 43. Rd7 b6 44.
a4 Rf2 45. Nh4+ Kf6 46. Rc7 Rxh2 47. Rc6+ Kf7 48. Nxf5 Rf2 49. Nd6+ Bxd6
50. Rxd6 Rf6 51. Rd5 Kg6 52. Kb4 Kh6 53. c4 Rg6 54. Rd3 Kg5 55. a5 Kg4 56.
axb6 Rxb6+ 57. Kc5 Rb8 58. Rc3 a5 59. Kd5 a4 60. c5 Rd8+ 61. Ke6 Ra8 62.
Ra3 Rb8 63. c6 Rb3 64. c7 Rxa3 65. c8=Q Rxg3 66. Ke5+ Kh4 67. Qd8+ Kh3 68.
Qd7+ Rg4 69. Qd3+ Kh4 70. Qe3 Rg3 71. Qf4+ Kh3 72. Qxa4 h4 73. Kf5 Rg2 74.
Qd4 Rg3 75. Qd8 Rg2 76. Kf4 Rg3 77. Qe7 Rg4+ 78. Kf3 Rg3+ 79. Kf2 Rg2+ 80.
Kf1 Rg3 81. Qe4 Rg5 82. Qh1+ Kg3 83. Qg2+ Kf4 84. Qh2+ Kg4 85. Kg2 Kh5+ 86.
Kh1 Rg3 87. Qe2+ Kg5 88. Kh2 Kh6 89. Qe5 Kg6 90. Qf4 Kh5 91. Qf6 Rh3+ 92.
Kg2 Rg3+ 93. Kf2 Rg5 94. Qh8+ Kg4 95. Kg2 Rg6 96. Qh7 Rg5 97. Qh6 Rf5 98.
Qe3 Rf4 99. Qe2+ Kf5 100. Kh3 Re4 101. Qh5+ Kf6 102. Qh8+ Kf5 103. Qh7+ Ke5
104. Qg6 Rd4 105. Qg5+ Kd6 106. Kg2 Kc6 107. Kf3 Kb6 108. Ke3 Rc4 109. Kd3
Rc6 110. Qxh4 Kb7 111. Qd8 Rb6 112. Kc4 Rc6+ 113. Kb5 Rc7 114. Qd5+ Ka7
115. Ka5 Rh7 116. Qd4+ Kb8 117. Qf4+ Ka7 118. Qe3+ Kb8 119. Qg3+ Ka7 120.
Qg1+ 1-0

[Event "38th TCh-GRE DivA"]
[Site "Peristeri GRE"]
[Date "2010.07.08"]
[Round "4"]
[White "Moutousis,K"]
[Black "Gesos,P"]
[Result "1-0"]
[WhiteElo "2450"]
[BlackElo "2329"]
[EventDate "2010.07.05"]

1. d4 Nf6 2. c4 e6 3. Nc3 Bb4 4. a3 Bxc3+ 5. bxc3 b6 6. f3 d5 7. cxd5 exd5
8. e3 O-O 9. Bd3 Ba6 10. Ne2 c5 11. O-O Bxd3 12. Qxd3 Re8 13. Ng3 Nc6 14.
Bb2 Qd7 15. e4 dxe4 16. fxe4 Ne5 17. Qa6 Nc6 18. Qd3 Ne5 19. Qe2 Ng6 20.
Rxf6 gxf6 21. Rf1 Re6 22. d5 Re5 23. c4 Rae8 24. Bxe5 Rxe5 25. Rxf6 Qa4 26.
Qf1 b5 27. Rc6 Qxa3 28. cxb5 Qe3+ 29. Kh1 Nf4 30. Rf6 Nd3 31. Rf3 1-0

[Event "38th TCh-GRE DivA"]
[Site "Peristeri GRE"]
[Date "2010.07.08"]
[Round "4"]
[White "Kofidis,S"]
[Black "Kotrotsos,V"]
[Result "0-1"]
[WhiteElo "2217"]
[BlackElo "2337"]
[EventDate "2010.07.05"]

1. e4 c5 2. Nf3 d6 3. d4 cxd4 4. Nxd4 Nf6 5. Nc3 a6 6. Bg5 e6 7. Bxf6 Qxf6
8. Qd2 Nc6 9. O-O-O Bd7 10. g3 Rc8 11. f4 Nxd4 12. Qxd4 Qxd4 13. Rxd4 Bc6
14. Bh3 g6 15. Re1 Rd8 16. Rd3 Bg7 17. Nd5 Kd7 18. e5 dxe5 19. Nb4+ Ke7 20.
Nxc6+ bxc6 21. fxe5 Rxd3 22. cxd3 Rd8 23. Kd2 Rd5 24. Bg2 Rxe5 25. Rxe5
Bxe5 26. b4 Kd6 27. Kc2 g5 28. Kb3 g4 29. Kc4 f5 30. d4 Bf6 31. Bf1 Bd8 32.
Kd3 a5 33. bxa5 Bxa5 34. a4 Bb6 35. Bg2 h5 36. h3 Kd7 37. hxg4 hxg4 38. Kc4
Bc7 39. Kc5 Bd6+ 40. Kb6 Bxg3 41. Bxc6+ Kd6 42. Bb7 Bf2 43. Kb5 Bxd4 44.
Kc4 Ba7 45. Kd3 Ke5 46. Bc8 Kf6 47. a5 e5 48. a6 g3 0-1

[Event "38th TCh-GRE DivA"]
[Site "Peristeri GRE"]
[Date "2010.07.08"]
[Round "4"]
[White "Grigoriadis,A"]
[Black "Hrisanthopoulos,D"]
[Result "1-0"]
[WhiteElo "2330"]
[BlackElo "2095"]
[EventDate "2010.07.05"]

1. Nf3 Nf6 2. c4 e6 3. g3 d5 4. Bg2 c6 5. Qc2 Nbd7 6. O-O Be7 7. d4 O-O 8.
Bf4 Nh5 9. Bd2 Nhf6 10. Bf4 Nh5 11. Bc1 Nhf6 12. Nbd2 b6 13. e4 Ba6 14. e5
Ne8 15. Rd1 Rc8 16. Rb1 Qc7 17. b4 Bxc4 18. Nxc4 dxc4 19. Bg5 Qd8 20. Bxe7
Qxe7 21. Qxc4 Nc7 22. Nd2 Nd5 23. Ne4 b5 24. Qb3 N7b6 25. Nd6 Rcd8 26. Rdc1
Rxd6 27. exd6 Qxd6 28. Rc5 Rb8 29. Rbc1 Nc4 30. a4 a6 31. a5 g6 32. h4 Kg7
33. Kh2 h6 34. Rc2 Nf6 35. R2xc4 bxc4 36. Qxc4 Nd5 37. Rxc6 Rxb4 38. Qxa6
Qd8 39. Rc8 Qf6 40. Qd6 Qxf2 1-0

[Event "38th TCh-GRE DivA"]
[Site "Peristeri GRE"]
[Date "2010.07.08"]
[Round "4"]
[White "Stefanidi,M1"]
[Black "Michos,T"]
[Result "1-0"]
[WhiteElo "2092"]
[BlackElo "2266"]
[EventDate "2010.07.05"]

1. e4 e5 2. Bc4 Nf6 3. d3 Nc6 4. Nf3 Bc5 5. c3 a6 6. Bb3 Ba7 7. Bg5 d6 8.
Nbd2 O-O 9. O-O Be6 10. Bc2 Re8 11. Re1 h6 12. Bh4 Nb8 13. Nf1 Nbd7 14. d4
Bg4 15. Ne3 Bh5 16. Nf5 Bg6 17. g4 Bxf5 18. gxf5 c5 19. d5 Qb6 20. Ba4 Rf8
21. Kh1 Kh7 22. Rg1 c4 23. Bxd7 Nxd7 24. Ng5+ Kg8 25. Ne6 fxe6 26. Qg4 Rf7
27. dxe6 Raf8 28. exf7+ Rxf7 29. f6 Qxb2 30. Qe6 g5 31. Bxg5 hxg5 32. Rxg5+
Kf8 33. Qxd6+ Ke8 34. Rg8+ Rf8 35. Qe7+ 1-0

[Event "38th TCh-GRE DivA"]
[Site "Peristeri GRE"]
[Date "2010.07.09"]
[Round "5"]
[White "Postny,E"]
[Black "Macieja,B"]
[Result "1/2-1/2"]
[WhiteElo "2577"]
[BlackElo "2639"]
[EventDate "2010.07.05"]

1. d4 Nf6 2. c4 e6 3. Nf3 d5 4. g3 Bb4+ 5. Nc3 dxc4 6. Bg2 O-O 7. O-O Nc6
8. a3 Be7 9. e4 a6 10. Bf4 b5 11. Qe2 Nxd4 12. Nxd4 Qxd4 13. Rad1 Qa7 14.
e5 Nd5 15. Nxd5 exd5 16. Bxd5 Bb7 17. Bxb7 Qxb7 18. Rd7 Rae8 19. e6 Qc6 20.
exf7+ Rxf7 21. Rfd1 h6 22. Bxc7 Qf3 23. Qxf3 Rxf3 24. Re1 Rf7 25. Re6 Bf8
26. Rxe8 Rxd7 27. Ba5 Kf7 28. Ra8 Bc5 29. Rxa6 Bd4 30. Bc3 Bxc3 31. bxc3
Rd3 32. Rb6 Rxc3 33. Rxb5 Rxa3 34. Kf1 1/2-1/2

[Event "38th TCh-GRE DivA"]
[Site "Peristeri GRE"]
[Date "2010.07.09"]
[Round "5"]
[White "Halkias,S"]
[Black "Stavrianakis,I"]
[Result "1/2-1/2"]
[WhiteElo "2588"]
[BlackElo "2249"]
[EventDate "2010.07.05"]

1. d4 e6 2. c4 Nf6 3. g3 b6 4. Bg2 d5 5. Nf3 Ba6 6. cxd5 exd5 7. Nc3 Be7 8.
Qa4+ c6 9. O-O O-O 10. Re1 Re8 11. Bf4 b5 12. Qc2 b4 13. Na4 Bb5 14. Nc5
Nbd7 15. Nxd7 Qxd7 16. Rac1 Bf8 17. Ng5 h6 18. Nf3 Qe6 19. Be5 Ne4 20. Nd2
Nxd2 21. Qxd2 c5 22. Bf4 g5 23. Be5 Rac8 24. e4 f6 25. exd5 Qf7 26. dxc5
Rxe5 27. Rxe5 fxe5 28. d6 Kh8 29. c6 Bxc6 30. Rxc6 Rxc6 31. Bxc6 Qf6 32. d7
Be7 33. Ba4 Kg7 34. Bb3 h5 35. Qd5 Kh6 36. Bc2 Kg7 37. h3 h4 38. g4 Bd8 39.
Kg2 Bb6 40. Bf5 Kf8 41. Qa8+ Kg7 42. Qb7 Kf8 43. Qf3 Kg7 44. Qd3 Qc6+ 45.
Be4 Qf6 46. Bf3 Kf8 47. Qh7 Qg7 48. Qf5+ Ke7 49. Qe4 Qf6 50. Qxb4+ Kxd7 51.
a4 Qd6 52. Qb5+ Kd8 53. a5 Bc5 54. Qc4 Ke7 55. Qc1 Kf6 56. Qc2 Kg7 57. Qf5
Qf6 58. Qd7+ Qe7 59. Qc6 Qd6 60. Qb7+ Qe7 61. Qe4 Qd6 62. Qf5 Qf6 63. Qc8
Qf8 64. Qd7+ Qe7 65. Qf5 1/2-1/2

[Event "38th TCh-GRE DivA"]
[Site "Peristeri GRE"]
[Date "2010.07.09"]
[Round "5"]
[White "Kotronias,V"]
[Black "Papadakis,M"]
[Result "1-0"]
[WhiteElo "2582"]
[BlackElo "2207"]
[EventDate "2010.07.05"]

1. e4 c5 2. Nc3 a6 3. g3 b5 4. Bg2 Bb7 5. Nge2 e6 6. O-O b4 7. Na4 Bc6 8.
b3 Nf6 9. d3 Be7 10. Be3 Bxa4 11. bxa4 d5 12. Nf4 d4 13. e5 Nd5 14. Bxd5
exd5 15. Bd2 Bg5 16. Nh5 Bxd2 17. Qxd2 O-O 18. Qf4 h6 19. h4 Qd7 20. Rae1
Nc6 21. Qxh6 f6 22. e6 Qe7 23. Qd2 Rad8 24. Qd1 Rd6 25. Nf4 Ne5 26. Qh5 Qe8
27. Rxe5 fxe5 28. Qxe5 Qe7 29. Re1 Re8 30. Qh5 1-0

[Event "38th TCh-GRE DivA"]
[Site "Peristeri GRE"]
[Date "2010.07.09"]
[Round "5"]
[White "Markantonaki,H"]
[Black "Papadopoulou,V"]
[Result "1/2-1/2"]
[WhiteElo "2129"]
[BlackElo "2242"]
[EventDate "2010.07.05"]

1. e4 e5 2. Nf3 Nc6 3. Bb5 a6 4. Ba4 Nf6 5. O-O Be7 6. c3 b5 7. Bb3 d6 8.
Re1 O-O 9. d4 Bb7 10. h3 Re8 11. Ng5 Rf8 12. Nf3 Re8 13. Ng5 Rf8 14. Nf3
Re8 15. Ng5 1/2-1/2

[Event "38th TCh-GRE DivA"]
[Site "Peristeri GRE"]
[Date "2010.07.09"]
[Round "5"]
[White "Kokossis,D"]
[Black "Fragkou,E"]
[Result "1-0"]
[WhiteElo "1753"]
[BlackElo "1896"]
[EventDate "2010.07.05"]

1. e4 c5 2. Nf3 d6 3. d4 cxd4 4. Nxd4 Nf6 5. Nc3 Nc6 6. Bg5 e6 7. Qd2 a6 8.
f3 Bd7 9. O-O-O Be7 10. Be3 h5 11. h4 Ne5 12. Bg5 Qc7 13. Kb1 b5 14. Bd3 b4
15. Nce2 Rb8 16. Bxa6 Qa7 17. Bd3 Ra8 18. Nc1 Qxd4 19. Be3 Nxf3 20. gxf3
Qe5 21. Nb3 Qg3 22. Be2 Qg6 23. Rdg1 Qh7 24. Bd3 g6 25. Qxb4 O-O 26. Bg5
Rfb8 27. Qd2 Qg7 28. f4 Bc6 29. Rh3 Bd8 30. Qe2 Bb6 31. Rgg3 e5 32. Bxf6
Qxf6 33. f5 Kh7 34. Rg5 Rg8 35. Rhg3 Rae8 36. Qf3 Kh6 37. Be2 1-0

[Event "38th TCh-GRE DivA"]
[Site "Peristeri GRE"]
[Date "2010.07.09"]
[Round "5"]
[White "Filippas,S"]
[Black "Balokas,D2"]
[Result "1/2-1/2"]
[WhiteElo "2208"]
[BlackElo "1997"]
[EventDate "2010.07.05"]

1. c4 Nf6 2. Nf3 e6 3. Nc3 Bb4 4. Qc2 O-O 5. a3 Bxc3 6. Qxc3 d6 7. g3 c5 8.
Bg2 Nbd7 9. O-O Qc7 10. d4 Rb8 11. dxc5 Nxc5 12. b4 Na4 13. Qc2 Bd7 14. Bg5
Rbc8 15. Rac1 b5 16. Bxf6 gxf6 17. Nd2 bxc4 18. Qxc4 Qxc4 19. Nxc4 Bb5 20.
Nxd6 Rxc1 21. Rxc1 Bxe2 22. Bc6 Nb6 23. Ne8 f5 24. a4 Nd5 25. Bxd5 Rxe8 26.
Bc6 Rc8 27. b5 Bf3 28. Rc4 Kf8 29. Rh4 Bxc6 30. bxc6 Rxc6 31. Rxh7 Rc4 32.
Rh8+ Kg7 33. Ra8 Rxa4 34. Kg2 a5 35. h4 Ra1 36. Kf3 a4 37. Kg2 a3 38. Ra7
a2 39. Ra8 Kf6 40. Ra5 Kg7 1/2-1/2

[Event "38th TCh-GRE DivA"]
[Site "Peristeri GRE"]
[Date "2010.07.09"]
[Round "5"]
[White "Dimopoulos,D"]
[Black "Bellos,I"]
[Result "1/2-1/2"]
[WhiteElo "1919"]
[BlackElo "1859"]
[EventDate "2010.07.05"]

1. e4 Nf6 2. e5 Nd5 3. d4 d6 4. Nf3 dxe5 5. Nxe5 c6 6. Bc4 g6 7. O-O Bg7 8.
c3 O-O 9. Nd2 Be6 10. Bb3 Nd7 11. Nxd7 Qxd7 12. Ne4 Bf5 13. Ng3 Be6 14. f4
Nf6 15. Bc2 Bg4 16. Qd3 e6 17. Bd2 Rad8 18. h3 Bf5 19. Nxf5 exf5 20. Qf3
Rfe8 21. Rae1 Nd5 22. Bd3 Nb6 23. Rxe8+ Rxe8 24. Re1 Rxe1+ 25. Bxe1 Nd5 26.
Bf2 Qd6 27. g3 Nb6 28. Qe2 Kf8 29. Bc2 Nd7 30. Qc4 b5 31. Qd3 Nb6 32. Bb3
Bf6 33. d5 Nxd5 34. Bxa7 Qe7 35. Bf2 Qb7 36. Bxd5 cxd5 37. Bd4 Bxd4+ 38.
Qxd4 Kg8 39. Kf2 Qc6 40. Kf3 Qa8 41. a3 h6 42. Kf2 h5 43. h4 Qc6 44. b3 Qb7
45. Qc5 Qd7 46. Qb6 Kf8 47. Qb8+ Kg7 48. Ke3 Kh7 49. Kd4 Qc6 50. Qd8 Qa6
51. Qxd5 Qf6+ 52. Kd3 Qe7 53. Qe5 Qb7 54. Qe2 Qa6 55. Kc2 Qxa3 56. Qxb5
Qa2+ 57. Kc1 Qa1+ 58. Kc2 Qa2+ 59. Kc1 1/2-1/2

[Event "38th TCh-GRE DivA"]
[Site "Peristeri GRE"]
[Date "2010.07.09"]
[Round "5"]
[White "Stathopoulos,I"]
[Black "Zeppos,P"]
[Result "1-0"]
[WhiteElo "2004"]
[BlackElo "1886"]
[EventDate "2010.07.05"]

1. d4 Nf6 2. c4 c5 3. d5 b5 4. Nd2 g6 5. e4 d6 6. cxb5 a6 7. b6 Nbd7 8. a4
Qxb6 9. a5 Qc7 10. Ngf3 Bg7 11. Qc2 O-O 12. Nc4 Bb7 13. Bd3 e6 14. dxe6
fxe6 15. Ng5 Rae8 16. Bf4 e5 17. Bg3 h6 18. Nf3 Nb8 19. Nh4 Kh7 20. Nb6 Nc6
21. Ra4 Nxa5 22. Nd5 Qd8 23. O-O Bc6 24. Rfa1 Bxa4 25. Qxa4 c4 26. Bc2 Nb3
27. Bxb3 cxb3 28. Qxb3 Nxd5 29. Qxd5 Qb6 30. Rd1 Rf6 31. Qd2 Rb8 32. Rb1
Qb4 33. Qe2 a5 34. Nf3 a4 35. Nd2 Rf7 36. h4 Rc7 37. Qd3 Rbc8 38. Kh2 Rc2
39. Rd1 Rxb2 40. h5 g5 41. Qd5 a3 42. Qe6 Rbc2 43. Nf3 a2 44. Nxe5 Qxe4 45.
f3 Rxg2+ 46. Kxg2 Qe2+ 47. Kh3 Bxe5 48. Qf5+ Kg7 49. Qd7+ Kf6 50. Bxe5+
Qxe5 51. Rxd6+ Qxd6 52. Qxd6+ Kf5 53. Qd5+ Kf6 54. Qxa2 Re8 55. Qd5 Re6 56.
Kg4 Re5 57. Qd4 Ke6 58. Qb6+ 1-0

[Event "38th TCh-GRE DivA"]
[Site "Peristeri GRE"]
[Date "2010.07.09"]
[Round "5"]
[White "Ladopoulos,D"]
[Black "Papadopoulos,Geo3"]
[Result "0-1"]
[WhiteElo "1872"]
[BlackElo "1919"]
[EventDate "2010.07.05"]

1. e4 c5 2. Nf3 d6 3. d4 cxd4 4. Nxd4 Nf6 5. Nc3 a6 6. Bg5 e6 7. f4 Be7 8.
Qf3 Qc7 9. Bd3 Nbd7 10. O-O-O h6 11. Qh3 b5 12. e5 dxe5 13. Nxe6 fxe6 14.
Bg6+ Kd8 15. Bxf6 gxf6 16. Bf7 b4 17. Na4 Qc6 18. b3 f5 19. g4 Rf8 20. Qh5
Bb7 21. gxf5 Rc8 22. Rxd7+ Kxd7 23. Rd1+ Kc7 24. fxe6 exf4 25. Qxh6 f3 26.
Qf4+ Bd6 27. Qf6 Kb8 28. Rd2 Qc7 29. Kb1 Be4 0-1

[Event "38th TCh-GRE DivA"]
[Site "Peristeri GRE"]
[Date "2010.07.09"]
[Round "5"]
[White "Kryvoruchko,Y"]
[Black "Nikolaidis,I"]
[Result "0-1"]
[WhiteElo "2609"]
[BlackElo "2493"]
[EventDate "2010.07.05"]

1. e4 e6 2. d4 d5 3. Nd2 c5 4. exd5 Qxd5 5. Ngf3 cxd4 6. Bc4 Qd6 7. O-O Nf6
8. Nb3 Nc6 9. Nbxd4 Nxd4 10. Nxd4 a6 11. Re1 Be7 12. b3 b5 13. Bd3 Bb7 14.
Bb2 O-O 15. c4 Qf4 16. g3 Qd6 17. Qe2 Rfd8 18. Red1 Qb6 19. cxb5 axb5 20.
Nf3 b4 21. Ne5 Bc5 22. Kf1 Rd5 23. f3 Qc7 24. Bc4 Rxd1+ 25. Rxd1 Nd5 26.
Bd4 Bxd4 27. Rxd4 Qb6 28. Bxd5 exd5 29. Qd2 Rxa2 30. Rxb4 Qa6+ 31. Qd3 f6
32. Nc4 Rxh2 33. Kg1 Qa2 34. Qf1 Rh5 35. Qg2 Qa1+ 36. Kf2 Qd4+ 37. Kf1 Qd1+
38. Kf2 Qd4+ 39. Kf1 Ba6 40. Ra4 Bxc4+ 41. bxc4 Qd1+ 0-1